El financiamiento a los partidos políticos: cuestiones ineludibles en su debate /

Sparad:
Bibliografiska uppgifter
Huvudupphovsman: Casas Zamora, Kevin
Materialtyp: Text
Taggar: Lägg till en tagg
Inga taggar, Lägg till första taggen!

MARC

LEADER 00000 a a2200000 04500
001 45022
003
040
100 |a Casas Zamora, Kevin  
245 |a El financiamiento a los partidos políticos: cuestiones ineludibles en su debate /  |c Kevin Casas Zamora  
500 |a FINANCIAMIENTO DE LA POLITICA   |a PARTIDOS POLITICOS   |a AMERICA LATINA 
773 |g páginas 217-232  
999 |c 20612  |d 20612